| 000 | 00682nam a2200241Ia 4500 | ||
|---|---|---|---|
| 003 | OSt | ||
| 005 | 20220918181434.0 | ||
| 006 | a|||||r|||| 00| 0 | ||
| 007 | ta | ||
| 008 | 220917b |||||||| |||| 00| 0 eng d | ||
| 024 | _a27,209 | ||
| 037 | _cTextual | ||
| 040 |
_aARTS _cARTS _beng |
||
| 041 |
_2eng _aeng |
||
| 082 | _aO111,1M65:g, M7 (TTO) | ||
| 100 |
_aKeane Patrick J _957551 |
||
| 245 | 0 | _aYeats's interaction with tradition | |
| 260 |
_aColoumbia _bUniverisy Of Missouri USA _c1987 |
||
| 300 |
_axx,332p. _ccm. |
||
| 650 | _aENGLISH LITERATURE | ||
| 942 |
_hO111,1M65:g, M7 (TTO) _cTEXL _2CC |
||
| 999 |
_c165693 _d165693 |
||